[Event "EYCC Open-U14 2019"]
[Site "Bratislava"]
[Date "2019.08.05"]
[Round "4.8"]
[White "Krastev, Alexander"]
[Black "Kusa, Jakub"]
[Result "1-0"]
[WhiteElo "2325"]
[BlackElo "2199"]
[Annotator "NA"]
[PlyCount "69"]
[EventDate "2019.08.02"]
[EventType "swiss"]
[EventCountry "SVK"]
[SourceTitle "playchess.com"]
[Source "ChessBase"]
[SourceQuality "1"]
[TimeControl "40/5400+30:1800+30"]

1. e4 {[%emt 0:00:00]} c6 {[%emt 0:00:00]} 2. d3 {[%emt 0:00:00]} d5 {[%emt 0:00:09]} 3. Nd2 {[%emt 0:00:05]} dxe4 {[%emt 0:01:40]} 4. dxe4 {[%emt 0:00:16]} Nf6 {[%emt 0:02:20]} 5. Ngf3 {[%emt 0:00:47]} Bg4 {[%emt 0:01:18]} 6. e5 {[%emt 0:10:38]} Nd5 {[%emt 0:03:02]} 7. h3 {[%emt 0:00:32]} Bh5 {[%emt 0:01:08]} 8. e6 {[%emt 0:10:57]} fxe6 {[%emt 0:03:20]} 9. Be2 {[%emt 0:05:12]} Nf4 {[%emt 0:04:05]} 10. O-O {[%emt 0:00:25]} Qd6 {[%emt 0:02:41]} 11. Ne4 {[%emt 0:03:25]} Qxd1 {[%emt 0:01:53]} 12. Bxd1 {[%emt 0:00:05]} Nd5 {[%emt 0:08:16]} 13. Nc5 {[%emt 0:07:00]} b6 {[%emt 0:05:05]} 14. Nxe6 {[%emt 0:01:03]} Bf7 {[%emt 0:00:46]} 15. Nfg5 {[%emt 0:02:35]} h6 {[%emt 0:01:50]} 16. c4 {[%emt 0:01:28]} hxg5 {[%emt 0:02:55]} 17. cxd5 {[%emt 0:00:06]} Na6 {[%emt 0:02:19]} 18. Bxg5 {[%emt 0:05:32]} Rb8 {[%emt 0:02:51]} 19. Bf4 {[%emt 0:03:12]} Bxe6 {[%emt 0:02:08]} 20. Bxb8 {[%emt 0:01:49]} Bxh3 {[%emt 0:01:01]} 21. gxh3 {[%emt 0:00:38]} Nxb8 {[%emt 0:00:05]} 22. dxc6 {[%emt 0:00:07]} Kd8 {[%emt 0:00:47]} 23. Rc1 {[%emt 0:00:32]} Kc7 {[%emt 0:00:09]} 24. Bg4 {[%emt 0:00:30]} e5 {[%emt 0:00:35]} 25. Rfd1 {[%emt 0:00:41]} Be7 {[%emt 0:01:05]} 26. b4 {[%emt 0:01:12]} Bxb4 {[%emt 0:00:23]} 27. Rd5 {[%emt 0:00:59]} Bc5 {[%emt 0:01:50]} 28. Rxe5 {[%emt 0:01:08]} Nxc6 {[%emt 0:00:08]} 29. Rg5 {[%emt 0:00:53]} Rf8 {[%emt 0:00:38]} 30. Rxg7+ {[%emt 0:00:48]} Kb8 {[%emt 0:00:25]} 31. Rf1 {[%emt 0:01:21]} Ne5 32. Rg5 {[%emt 0:02:24]} Bd4 {[%emt 0:01:41]} 33. Kg2 {[%emt 0:02:25]} Nd3 {[%emt 0:00:19]} 34. Rf5 {[%emt 0:00:28]} Nf4+ {[%emt 0:00:09]} 35. Kf3 {[%emt 0:00:35]} 1-0

[Event "EYCC Open-U14 2019"]
[Site "Bratislava"]
[Date "2019.08.05"]
[Round "4.9"]
[White "Stukan, Martin"]
[Black "Laptii, Nazar"]
[Result "1-0"]
[WhiteElo "2303"]
[BlackElo "2133"]
[Annotator "TA"]
[PlyCount "31"]
[EventDate "2019.08.02"]
[EventType "swiss"]
[EventCountry "SVK"]
[SourceTitle "playchess.com"]
[Source "ChessBase"]
[SourceQuality "1"]

{[%evp 11,111,32,47,48,48,29,39,44,42,30,57,45,57,39,82,87,101,79,258,245,537,538,518,513,509,506,487,475,579,573,560,567,581,492,679,579,562,542,560,560,633,540,528,504,522,502,592,588,546,508,604,582,713,706,697,687,734,732,723,731,733,706,694,529,495,495,486,487,478,482,478,479,595,592,594,585,578,579,575,585,554,561,1030,748,741,727,643,613,600,572,753,722,822,801,927,882,29981,29982,29985,29986,29988,29989]} 1. e4 g6 2. d4 Bg7 3. Nf3 d6 4. Be2 Nd7 5. O-O e5 6. Nc3 Ngf6 7. dxe5 {B06: Modern Defence} dxe5 8. Be3 O-O 9. a4 {White is slightly better.} (9. Nd2 Qe7 10. f3 b6 11. a4 a5 12. Qe1 Nc5 13. Nc4 Bb7 14. Qh4 Rfe8 15. Rfd1 Ne6 {1-0 (32) Gledura,B (2615)-Chigaev,M (2604) Wijk aan Zee 2019}) 9... a5 10. Qd3 $146 ({Predecessor:} 10. Qd2 Re8 11. Rad1 Qe7 12. Bg5 c6 13. Qd6 Qxd6 14. Rxd6 Bf8 {0-1 (39) Keuning,S (2072)-Gevorgyan,D (2330) Nancy 2019}) 10... c6 11. Nd2 Qe7 12. Nc4 Ne8 13. Rfd1 Bf6 14. Qd2 $36 {[%mdl 2048] Black is under strong pressure.} Nc5 $2 (14... h5 $16 {might work better.}) 15. Nb6 $18 Rb8 $2 {[#]} (15... Nc7 16. Qd6 N5e6 17. Nxa8 Qxd6 18. Rxd6 Nxa8) 16. Ncd5 {Played: Nb6-d5} 1-0

[Event "EYCC Open-U14 2019"]
[Site "Bratislava"]
[Date "2019.08.05"]
[Round "4.10"]
[White "Pozzari, Simone"]
[Black "Makoveev, Ilya"]
[Result "0-1"]
[WhiteElo "2179"]
[BlackElo "2288"]
[Annotator "NA"]
[PlyCount "78"]
[EventDate "2019.08.02"]
[EventType "swiss"]
[EventCountry "SVK"]
[SourceTitle "playchess.com"]
[Source "ChessBase"]
[SourceQuality "1"]
[TimeControl "40/5400+30:1800+30"]

1. e4 {[%emt 0:00:00]} c5 {[%emt 0:00:00]} 2. Nf3 {[%emt 0:00:00]} d6 {[%emt 0:00:00]} 3. d4 {[%emt 0:00:00]} cxd4 {[%emt 0:00:20]} 4. Nxd4 {[%emt 0:00:05]} Nf6 {[%emt 0:00:19]} 5. f3 {[%emt 0:00:19]} e5 {[%emt 0:01:21]} 6. Nb3 {[%emt 0:00:08]} a5 {[%emt 0:03:30]} 7. Bg5 {[%emt 0:16:11]} Be7 {[%emt 0:06:03]} 8. Bb5+ {[%emt 0:13:01]} Bd7 {[%emt 0:10:31]} 9. Bxd7+ {[%emt 0:02:39]} Nbxd7 {[%emt 0:00:23]} 10. c4 {[%emt 0:04:09]} a4 {[%emt 0:14:21]} 11. Nc1 {[%emt 0:00:44]} Qb6 {[%emt 0:05:32]} 12. Qe2 {[%emt 0:01:03]} Rc8 {[%emt 0:05:13]} 13. Nc3 {[%emt 0:27:15]} Qb4 {[%emt 0:04:45]} 14. Nd3 {[%emt 0:07:06]} Qxc4 {[%emt 0:01:02]} 15. Nd5 {[%emt 0:04:02]} Qb5 {[%emt 0:14:41]} 16. Bxf6 {[%emt 0:01:07]} Nxf6 {[%emt 0:04:51]} 17. N3b4 {[%emt 0:05:00]} Qxe2+ {[%emt 0:01:02]} 18. Kxe2 {[%emt 0:00:02]} Nxd5 {[%emt 0:00:13]} 19. Nxd5 {[%emt 0:04:15]} Rc2+ {[%emt 0:12:13]} 20. Kd3 {[%emt 0:00:02]} Rxg2 {[%emt 0:00:34]} 21. Rhc1 {[%emt 0:03:45]} Bd8 {[%emt 0:00:58]} 22. Rc8 {[%emt 0:06:08]} O-O {[%emt 0:01:40]} 23. Rac1 {[%emt 0:02:13]} g6 {[%emt 0:01:13]} 24. R1c2 {[%emt 0:02:09]} Rxc2 {[%emt 0:05:34]} 25. Kxc2 {[%emt 0:00:01]} Ba5 {[%emt 0:03:21]} 26. Nf6+ {[%emt 0:00:26]} Kg7 {[%emt 0:00:01]} 27. Ne8+ {[%emt 0:00:03]} Kh6 {[%emt 0:00:13]} 28. Nxd6 {[%emt 0:00:01]} Rxc8+ {[%emt 0:00:05]} 29. Nxc8 {[%emt 0:00:03]} Bc7 {[%emt 0:01:11]} 30. Ne7 {[%emt 0:00:49]} Kg5 {[%emt 0:00:08]} 31. Nd5 {[%emt 0:01:22]} Bd8 {[%emt 0:01:28]} 32. Kd3 {[%emt 0:01:00]} Kh4 {[%emt 0:00:04]} 33. Nc3 {[%emt 0:00:21]} Kh3 {[%emt 0:00:26]} 34. Nxa4 {[%emt 0:00:35]} Kxh2 {[%emt 0:00:02]} 35. Nc3 {[%emt 0:00:30]} h5 {[%emt 0:00:21]} 36. Ne2 {[%emt 0:00:49]} h4 {[%emt 0:00:51]} 37. f4 {[%emt 0:00:01]} h3 {[%emt 0:00:20]} 38. fxe5 {[%emt 0:00:38]} g5 {[%emt 0:00:17]} 39. Nd4 {[%emt 0:00:46]} Kg2 {[%emt 0:00:14]} 0-1

[Event "EYCC Open-U14 2019"]
[Site "Bratislava"]
[Date "2019.08.05"]
[Round "4.11"]
[White "Jun, Rudolf Jr."]
[Black "Antonica, Dragos-Andrei"]
[Result "1/2-1/2"]
[WhiteElo "2200"]
[BlackElo "2124"]
[Annotator "NA"]
[PlyCount "118"]
[EventDate "2019.08.02"]
[EventType "swiss"]
[EventCountry "SVK"]
[SourceTitle "playchess.com"]
[Source "ChessBase"]
[SourceQuality "1"]
[TimeControl "40/5400+30:1800+30"]

1. e4 {[%emt 0:00:00]} e6 {[%emt 0:00:00]} 2. d4 {[%emt 0:00:00]} d5 {[%emt 0:00:00]} 3. Nd2 {[%emt 0:00:00]} c5 {[%emt 0:00:00]} 4. exd5 {[%emt 0:00:31]} exd5 {[%emt 0:00:00]} 5. Ngf3 {[%emt 0:00:17]} Nc6 {[%emt 0:00:00]} 6. c3 {[%emt 0:05:52]} Nf6 {[%emt 0:20:07]} 7. Bb5 {[%emt 0:05:42]} cxd4 {[%emt 0:03:23]} 8. Nxd4 {[%emt 0:01:22]} Bd7 {[%emt 0:00:11]} 9. N2f3 {[%emt 0:02:04]} Bd6 {[%emt 0:05:49]} 10. O-O {[%emt 0:00:54]} O-O {[%emt 0:00:03]} 11. Bd3 {[%emt 0:02:19]} h6 {[%emt 0:14:17]} 12. Re1 {[%emt 0:05:45]} Re8 {[%emt 0:06:52]} 13. Nf5 {[%emt 0:05:28]} Rxe1+ {[%emt 0:07:46]} 14. Qxe1 {[%emt 0:00:32]} Bxf5 {[%emt 0:00:23]} 15. Bxf5 {[%emt 0:00:08]} Qb6 {[%emt 0:00:06]} 16. Rb1 {[%emt 0:06:47]} d4 {[%emt 0:06:01]} 17. cxd4 {[%emt 0:03:25]} Nxd4 {[%emt 0:00:24]} 18. Nxd4 {[%emt 0:00:33]} Qxd4 {[%emt 0:00:06]} 19. g3 {[%emt 0:02:11]} Qd5 {[%emt 0:11:44]} 20. Bh3 {[%emt 0:01:37]} Re8 {[%emt 0:02:40]} 21. Be3 {[%emt 0:00:35]} Bc5 {[%emt 0:03:55]} 22. Qd1 {[%emt 0:03:03]} Qxd1+ {[%emt 0:06:51]} 23. Rxd1 {[%emt 0:00:11]} Bxe3 {[%emt 0:00:02]} 24. fxe3 {[%emt 0:00:11]} Rxe3 {[%emt 0:00:02]} 25. Kf2 {[%emt 0:00:34]} Re7 {[%emt 0:00:29]} 26. Kf3 {[%emt 0:01:17]} g6 {[%emt 0:01:32]} 27. Bf1 {[%emt 0:01:34]} Rd7 {[%emt 0:06:13]} 28. Rxd7 {[%emt 0:01:12]} Nxd7 {[%emt 0:00:02]} 29. Ke4 {[%emt 0:00:18]} Kf8 {[%emt 0:00:42]} 30. Kd5 {[%emt 0:00:32]} Ke7 {[%emt 0:00:05]} 31. Bg2 {[%emt 0:00:41]} Nb8 {[%emt 0:03:14]} 32. Kc5 {[%emt 0:00:24]} Na6+ {[%emt 0:01:18]} 33. Kb5 {[%emt 0:01:26]} Nc7+ {[%emt 0:00:17]} 34. Kc5 {[%emt 0:00:04]} Ne6+ {[%emt 0:01:26]} 35. Kb5 {[%emt 0:00:12]} Nc7+ {[%emt 0:00:46]} 36. Kc5 {[%emt 0:00:14]} b6+ {[%emt 0:00:17]} 37. Kc6 {[%emt 0:00:13]} Ne8 {[%emt 0:00:15]} 38. Kb7 {[%emt 0:00:22]} Kd8 {[%emt 0:01:05]} 39. Kxa7 {[%emt 0:00:23]} Kc7 {[%emt 0:00:03]} 40. a4 {[%emt 0:00:00]} Nd6 {[%emt 0:00:00]} 41. b4 {[%emt 0:02:06]} f5 {[%emt 0:09:00]} 42. Ka6 {[%emt 0:01:49]} Nc4 {[%emt 0:04:11]} 43. Kb5 {[%emt 0:01:37]} Na3+ {[%emt 0:02:32]} 44. Ka6 {[%emt 0:00:09]} Nc4 {[%emt 0:00:01]} 45. a5 {[%emt 0:05:10]} bxa5 {[%emt 0:00:46]} 46. bxa5 {[%emt 0:00:08]} Nd6 {[%emt 0:05:45]} 47. Bf3 {[%emt 0:00:33]} g5 {[%emt 0:00:43]} 48. Bh1 {[%emt 0:02:46]} h5 {[%emt 0:02:57]} 49. h4 {[%emt 0:02:20]} g4 {[%emt 0:07:38]} 50. Bg2 {[%emt 0:02:27]} Nc4 {[%emt 0:00:11]} 51. Kb5 {[%emt 0:01:02]} Ne3 {[%emt 0:00:15]} 52. Bh1 {[%emt 0:01:17]} f4 {[%emt 0:00:36]} 53. gxf4 {[%emt 0:00:22]} g3 {[%emt 0:00:36]} 54. Kc5 {[%emt 0:05:52]} g2 {[%emt 0:01:19]} 55. Bxg2 {[%emt 0:00:04]} Nxg2 {[%emt 0:00:03]} 56. Kd5 {[%emt 0:00:23]} Nxh4 {[%emt 0:02:16]} 57. Ke4 {[%emt 0:00:17]} Kc6 {[%emt 0:00:36]} 58. f5 {[%emt 0:00:09]} Kb5 {[%emt 0:00:28]} 59. f6 {[%emt 0:00:55]} Kxa5 {[%emt 0:00:15]} 1/2-1/2

[Event "EYCC Open-U14 2019"]
[Site "Bratislava"]
[Date "2019.08.05"]
[Round "4.12"]
[White "Chyzy, Jakub"]
[Black "Tsaruk, Maksim"]
[Result "1/2-1/2"]
[WhiteElo "2093"]
[BlackElo "2230"]
[Annotator "NA"]
[PlyCount "82"]
[EventDate "2019.08.02"]
[EventType "swiss"]
[EventCountry "SVK"]
[SourceTitle "playchess.com"]
[Source "ChessBase"]
[SourceQuality "1"]
[TimeControl "40/5400+30:1800+30"]

1. e4 {[%emt 0:00:00]} e5 {[%emt 0:00:00]} 2. Nf3 {[%emt 0:00:00]} Nc6 {[%emt 0:00:00]} 3. Bb5 {[%emt 0:00:00]} a6 {[%emt 0:00:00]} 4. Ba4 {[%emt 0:00:00]} Nf6 {[%emt 0:00:04]} 5. O-O {[%emt 0:00:00]} b5 {[%emt 0:00:41]} 6. Bb3 {[%emt 0:00:00]} Be7 {[%emt 0:00:04]} 7. Re1 {[%emt 0:00:12]} O-O {[%emt 0:00:08]} 8. d4 {[%emt 0:00:04]} d6 {[%emt 0:00:08]} 9. c3 {[%emt 0:00:04]} Bg4 {[%emt 0:00:07]} 10. d5 {[%emt 0:00:03]} Na5 {[%emt 0:00:06]} 11. Bc2 {[%emt 0:00:03]} c6 {[%emt 0:00:09]} 12. h3 {[%emt 0:00:04]} Bc8 {[%emt 0:00:08]} 13. dxc6 {[%emt 0:00:06]} Qc7 {[%emt 0:00:08]} 14. Nbd2 {[%emt 0:00:06]} Qxc6 {[%emt 0:00:09]} 15. Nf1 {[%emt 0:00:09]} Be6 {[%emt 0:00:46]} 16. Ng3 {[%emt 0:00:34]} Rac8 {[%emt 0:07:21]} 17. Ng5 {[%emt 0:01:59]} Bd7 {[%emt 0:06:58]} 18. Nf5 {[%emt 0:04:49]} Bxf5 {[%emt 0:03:15]} 19. exf5 {[%emt 0:00:06]} Rfd8 {[%emt 0:40:09]} 20. Qe2 {[%emt 0:11:08]} h6 {[%emt 0:10:14]} 21. Nf3 {[%emt 0:02:16]} Re8 {[%emt 0:05:46]} 22. a4 {[%emt 0:22:27]} Bd8 {[%emt 0:05:30]} 23. axb5 {[%emt 0:08:20]} axb5 {[%emt 0:00:03]} 24. Nh2 {[%emt 0:01:21]} d5 {[%emt 0:04:25]} 25. Ng4 {[%emt 0:01:53]} Nxg4 {[%emt 0:00:05]} 26. Qxg4 {[%emt 0:00:46]} Nc4 {[%emt 0:01:43]} 27. Bd3 {[%emt 0:05:28]} e4 {[%emt 0:06:03]} 28. Bxc4 {[%emt 0:00:41]} bxc4 {[%emt 0:00:02]} 29. Be3 {[%emt 0:01:05]} Rb8 {[%emt 0:02:51]} 30. Re2 {[%emt 0:02:13]} Kf8 {[%emt 0:06:19]} 31. Rd2 {[%emt 0:04:43]} Bf6 {[%emt 0:00:26]} 32. Qd1 {[%emt 0:00:58]} Rb5 {[%emt 0:00:26]} 33. Ra7 {[%emt 0:04:53]} Ra8 {[%emt 0:01:26]} 34. Rxa8+ {[%emt 0:18:30]} Qxa8 {[%emt 0:00:04]} 35. g3 {[%emt 0:02:49]} Kg8 {[%emt 0:01:12]} 36. Kh2 {[%emt 0:00:29]} Qb7 {[%emt 0:00:31]} 37. Qe2 {[%emt 0:02:00]} Kh7 {[%emt 0:00:14]} 38. Qh5 {[%emt 0:01:55]} Kg8 {[%emt 0:00:08]} 39. Qe2 {[%emt 0:01:18]} Qb8 {[%emt 0:00:47]} 40. Qd1 {[%emt 0:00:00]} Qa8 {[%emt 0:00:00]} 41. Qg4 {[%emt 0:15:34]} Kh7 {[%emt 0:02:51]} 1/2-1/2

[Event "EYCC Open-U14 2019"]
[Site "Bratislava"]
[Date "2019.08.05"]
[Round "4.13"]
[White "Kirillov, Dmitry"]
[Black "Trofimov, Pavel"]
[Result "1-0"]
[WhiteElo "2244"]
[BlackElo "2151"]
[Annotator "NA"]
[PlyCount "63"]
[EventDate "2019.08.02"]
[EventType "swiss"]
[EventCountry "SVK"]
[SourceTitle "playchess.com"]
[Source "ChessBase"]
[SourceQuality "1"]
[TimeControl "40/5400+30:1800+30"]

1. e4 {[%emt 0:00:00]} c5 {[%emt 0:00:06]} 2. Nf3 {[%emt 0:00:00]} d6 {[%emt 0:00:16]} 3. Bb5+ {[%emt 0:00:00]} Bd7 {[%emt 0:00:42]} 4. Bxd7+ {[%emt 0:00:00]} Qxd7 {[%emt 0:00:16]} 5. O-O {[%emt 0:00:00]} Nc6 {[%emt 0:00:15]} 6. c3 {[%emt 0:00:03]} Nf6 {[%emt 0:03:58]} 7. d4 {[%emt 0:00:05]} e6 {[%emt 0:07:44]} 8. d5 {[%emt 0:05:43]} Ne5 {[%emt 0:00:45]} 9. Nxe5 {[%emt 0:16:02]} dxe5 {[%emt 0:01:06]} 10. Re1 {[%emt 0:00:57]} h6 {[%emt 0:03:43]} 11. c4 {[%emt 0:01:19]} Bd6 {[%emt 0:03:42]} 12. Qf3 {[%emt 0:02:45]} exd5 {[%emt 0:04:56]} 13. cxd5 {[%emt 0:06:52]} Qg4 {[%emt 0:03:43]} 14. Qxg4 {[%emt 0:08:51]} Nxg4 {[%emt 0:01:07]} 15. b3 {[%emt 0:00:30]} Ke7 {[%emt 0:03:46]} 16. a4 {[%emt 0:00:23]} Nf6 {[%emt 0:03:15]} 17. Na3 {[%emt 0:01:49]} b6 {[%emt 0:05:27]} 18. Nc4 {[%emt 0:00:46]} Nd7 {[%emt 0:00:47]} 19. f4 {[%emt 0:04:56]} f6 {[%emt 0:06:27]} 20. f5 {[%emt 0:00:08]} Nb8 {[%emt 0:02:10]} 21. Bd2 {[%emt 0:03:25]} Na6 {[%emt 0:00:50]} 22. Kf2 {[%emt 0:03:06]} Nc7 {[%emt 0:02:07]} 23. Kf3 {[%emt 0:01:11]} Ne8 {[%emt 0:01:52]} 24. Rec1 {[%emt 0:04:54]} Kd7 {[%emt 0:01:30]} 25. a5 {[%emt 0:04:03]} Rb8 {[%emt 0:12:30]} 26. axb6 {[%emt 0:01:39]} axb6 {[%emt 0:01:04]} 27. Ra7+ {[%emt 0:00:41]} Bc7 {[%emt 0:04:16]} 28. Be3 {[%emt 0:14:03]} Rg8 {[%emt 0:03:59]} 29. b4 {[%emt 0:11:32]} b5 {[%emt 0:02:15]} 30. Na5 {[%emt 0:01:40]} cxb4 {[%emt 0:02:49]} 31. d6 {[%emt 0:00:47]} Kxd6 {[%emt 0:00:12]} 32. Rd1+ {[%emt 0:00:05] Kd5} 1-0

[Event "EYCC Open-U14 2019"]
[Site "Bratislava"]
[Date "2019.08.05"]
[Round "4.14"]
[White "Backiel, Hubert"]
[Black "Musyuk, Lior"]
[Result "1/2-1/2"]
[WhiteElo "1748"]
[BlackElo "2236"]
[Annotator "NA"]
[PlyCount "48"]
[EventDate "2019.08.02"]
[EventType "swiss"]
[EventCountry "SVK"]
[SourceTitle "playchess.com"]
[Source "ChessBase"]
[SourceQuality "1"]
[TimeControl "40/5400+30:1800+30"]

1. e4 {[%emt 0:00:00]} c5 {[%emt 0:00:00]} 2. c4 {[%emt 0:00:29]} Nc6 {[%emt 0:00:01]} 3. Nc3 {[%emt 0:00:25]} g6 {[%emt 0:00:21]} 4. g3 {[%emt 0:00:39]} Bg7 {[%emt 0:00:26]} 5. Bg2 {[%emt 0:00:28]} e6 {[%emt 0:00:34]} 6. d3 {[%emt 0:00:08]} d6 {[%emt 0:01:03]} 7. Nge2 {[%emt 0:00:38]} Nge7 {[%emt 0:01:15]} 8. O-O {[%emt 0:00:35]} Nd4 {[%emt 0:01:00]} 9. Bg5 {[%emt 0:04:00]} h6 {[%emt 0:06:19]} 10. Be3 {[%emt 0:03:19]} h5 {[%emt 0:13:26]} 11. h4 {[%emt 0:08:10]} Rb8 {[%emt 0:04:01]} 12. Rb1 {[%emt 0:06:17]} Nec6 {[%emt 0:07:22]} 13. a3 {[%emt 0:01:57]} a6 {[%emt 0:04:23]} 14. b4 {[%emt 0:04:54]} cxb4 {[%emt 0:01:18]} 15. axb4 {[%emt 0:00:32]} b5 {[%emt 0:00:27]} 16. Nxd4 {[%emt 0:01:50]} Nxd4 {[%emt 0:04:54]} 17. Ne2 {[%emt 0:00:32]} Qb6 {[%emt 0:04:05]} 18. Kh2 {[%emt 0:12:31]} O-O {[%emt 0:06:09]} 19. Qd2 {[%emt 0:02:02]} Bb7 {[%emt 0:04:54]} 20. Rfc1 {[%emt 0:06:01]} Rbc8 {[%emt 0:05:02]} 21. c5 {[%emt 0:16:19]} dxc5 {[%emt 0:00:08]} 22. bxc5 {[%emt 0:00:02]} Qd8 {[%emt 0:00:13]} 23. Bf4 {[%emt 0:02:27]} Nxe2 {[%emt 0:06:22]} 24. Qxe2 {[%emt 0:00:03]} Re8 {[%emt 0:04:49]} 1/2-1/2

[Event "EYCC Open-U14 2019"]
[Site "Bratislava"]
[Date "2019.08.05"]
[Round "4.15"]
[White "Oglaza, Oskar"]
[Black "Creanga, Robert-Ionut"]
[Result "1/2-1/2"]
[WhiteElo "2345"]
[BlackElo "2024"]
[Annotator "TA"]
[PlyCount "64"]
[EventDate "2019.08.02"]
[EventType "swiss"]
[EventCountry "SVK"]
[SourceTitle "playchess.com"]
[Source "ChessBase"]
[SourceQuality "1"]

{[%evp 13,64,38,42,30,43,57,104,14,26,-35,-37,-41,-19,-37,-43,-10,37,-29,0,-69,54,58,80,0,79,67,68,63,63,68,75,74,64,63,268,242,242,0,0,0,0,0,0,0,0,0,0,0,0,0,0,0,0]} 1. e4 d6 2. d4 Nf6 3. Nc3 g6 4. f4 Bg7 5. Nf3 O-O 6. Bd3 Nbd7 7. e5 Ne8 $1 8. Be3 {B09: Pirc Defence: Austrian Attack} c5 9. Qe2 Nc7 {[#]} (9... cxd4 10. Bxd4 dxe5 11. fxe5 Nc7 12. Bc4 Nb6 13. Bb3 Be6 14. Rd1 Qc8 15. O-O Nbd5 16. Ne4 {½-½ (35) Xu,J (2487)-Xu,Y (2546) Hangzhou 2019}) 10. exd6 (10. dxc5 $1 $16 Nxc5 11. Bxc5 dxc5 12. O-O-O) 10... exd6 $11 11. O-O-O (11. O-O $11) 11... Re8 $146 {...cxd4 is the strong threat.} ({Predecessor:} 11... Ne6 12. Bc4 Re8 13. Qd3 Nb6 14. Bb3 cxd4 15. Bxd4 Nxd4 16. Nxd4 {½-½ (30) Parma,B-Balcerowski,W Polanica Zdroj 1964}) 12. Qd2 b5 13. Nxb5 Nxb5 14. Bxb5 Qb6 (14... Rb8 $5 {[%cal Rb8b5]} 15. c4 a6 $11) 15. Ba4 (15. c4 $14) 15... Re7 $11 16. Bb3 (16. b3 $11) 16... Qc6 (16... c4 $1 $15 17. Bxc4 Nf6) 17. dxc5 $14 dxc5 {[#] And now ...c4 would win.} 18. Bd5 ({White should play} 18. c3 $16 {Hoping for Bd5.} c4 19. Bc2) 18... Qb6 (18... Rb8 $11 {keeps the balance.} 19. Bxc6 Bxb2+ 20. Kb1 Bc3+ 21. Kc1 Bb2+ 22. Kb1 Bh8+ 23. Kc1 Bb2+) 19. c3 $16 Rb8 {Strongly threatening ...Rxe3!} 20. Rhe1 $1 Nf6 21. Bb3 $1 Be6 22. Qd6 Qb7 {aiming for ...Ne4.} 23. Bxc5 Rd7 $2 (23... Ree8 $14) 24. Rxe6 $18 Rxd6 25. Bxd6 $2 ({White has to play} 25. Rexd6 $18 {Threatens to win with Rd8+.} h6 26. Ne5) 25... fxe6 $11 {The position is equal.} 26. Bxe6+ Kh8 {[%csl Gb8][%cal Rb7b2]} 27. Bxb8 Qxb8 28. Ne5 Ne8 29. Nf7+ Kg8 30. Ne5+ Kh8 31. Nf7+ Kg8 32. Ne5+ Kh8 {Accuracy: White = 45%, Black = 45%.} 1/2-1/2

[Event "EYCC Open-U14 2019"]
[Site "Bratislava"]
[Date "2019.08.05"]
[Round "4.16"]
[White "Stalmach, Richard"]
[Black "Falkevall, Axel"]
[Result "1-0"]
[WhiteElo "2381"]
[BlackElo "2067"]
[Annotator "TA"]
[PlyCount "59"]
[EventDate "2019.08.02"]
[EventType "swiss"]
[EventCountry "SVK"]
[SourceTitle "playchess.com"]
[Source "ChessBase"]
[SourceQuality "1"]

{[%evp 17,59,15,33,0,1,0,0,-8,-10,-10,-12,0,50,46,39,41,29,-43,64,64,70,63,160,167,144,153,178,86,95,0,112,-88,-91,-100,-101,-108,-93,-93,8,0,0,0,839,821]} 1. Nf3 Nf6 2. g3 d5 3. Bg2 c6 4. O-O Bg4 5. d3 Nbd7 6. Nbd2 e5 7. h3 Bh5 8. e4 dxe4 9. dxe4 Bc5 10. g4 {A07: Réti Opening: New York and Capablanca Systems} (10. Qe1 O-O 11. Nh4 Re8 12. Nb3 Bf8 13. Be3 Qc7 14. a4 a5 15. f3 b5 16. Qf2 b4 17. Nd2 c5 18. b3 Nb6 {1-0 (49) Efimenko,Z (2635)-Timman,J (2541) Germany 2018}) 10... Bg6 11. Nh4 Qc7 $146 ({Predecessor:} 11... Qe7 12. Nf5 Bxf5 13. exf5 O-O-O 14. c4 g6 15. fxg6 hxg6 16. Qe2 Nh7 17. Ne4 Bd4 {0-1 (54) Hereklioglu,S (1948)-Motycakova,M (2174) Antalya 2019}) 12. Nf5 {The position is equal.} Bxf5 13. exf5 O-O-O 14. Rb1 g6 15. b4 $36 {[%mdl 2048] White fights for an advantage.} Bb6 16. Nc4 Kb8 17. g5 (17. fxg6 $11 fxg6 18. Bb2) 17... Nh5 (17... Nd5 $1 $15 18. Bxd5 cxd5 19. Qxd5 Bd4) 18. a4 $14 a6 $1 19. Qf3 {aiming for Re1.} Ng7 (19... e4 $1 $14 20. Qxe4 Ng3) 20. b5 $16 cxb5 21. axb5 a5 22. Bb2 (22. Ra1 $18 {has better winning chances.}) 22... Nxf5 {[#]} 23. Nxe5 $1 {[%mdl 512]} Nc5 {[#]} (23... Rhe8 $11 {remains equal.} 24. Rbd1 (24. Nxf7 Rc8 $11) 24... Nc5 25. Rxd8+ Qxd8) (23... Nxe5 24. Bxe5) 24. Nd3 $2 {[#]} (24. Nc4 $1 $16 {and life is bright. Strongly threatening Be5.} Rhe8 25. Rbd1 (25. Nxb6 Qxb6 26. Qf4+ Qc7 $14)) 24... Rhe8 $1 $17 25. Nxc5 Bxc5 26. b6 Bxb6 27. Bf6 Rc8 (27... Rd7 $17 {Threatens to win with ...Re6.} 28. Qc3 Qxc3 29. Bxc3 Rc8 30. Rxb6 Rxc3) 28. Qb3 Re6 29. Bd5 Bxf2+ $2 {[%mdl 8192]} (29... Rce8 $11) 30. Rxf2 {Accuracy: White = 33%, Black = 38%.} 1-0